000 00582nam a2200217 4500
003 OSt
005 20260601171000.0
008 260421b1971\\\\enka||||\||||\00|\0\eng\d
040 _aICI
_bspa
_cICI
050 _aGN51
_bC7 1971
100 1 _aCroney, John,
_eautor
245 1 _a Anthropometrics for designers.
264 _bBatsford,
_c1971
_aLondon :
300 _a176 páginas
_bilustraciones
_c22 cm.
336 _atexto
_2rdacontent
337 _asin medio
_2rdamedia
338 _avolumen
_2rdacarrier
650 _aAntropometría
650 _a Ergonomía
942 _2lcc
_cB
999 _c20027
_d20027